书目信息 |
| 题名: |
社区防震减灾路径探究
|
|
| 作者: | 崔珂 , 沈文伟 主编 | |
| 分册: | ||
| 出版信息: | 北京 社会科学文献出版社 2017.06 |
|
| 页数: | 180页 | |
| 开本: | 24cm | |
| 丛书名: | ||
| 单 册: | ||
| 中图分类: | P315.9 | |
| 科图分类: | ||
| 主题词: | 社区--防震减灾--研究 | |
| 电子资源: | ||
| ISBN: | 978-7-5201-0492-0 | |
| 000 | 00777nam0 2200241 450 | |
| 001 | 1125 | |
| 005 | 20180927130709.36 | |
| 010 | @a978-7-5201-0492-0@dCNY69.00 | |
| 100 | @a20170802d2017 em y0chiy50 ea | |
| 101 | 0 | @achi |
| 102 | @aCN@b110000 | |
| 105 | @aak az 000yy | |
| 200 | 1 | @a社区防震减灾路径探究@9she qu fang zhen jian zai lu jing tan jiu@dPathways to earthquake resilience in China@f沈文伟,崔珂主编@zeng |
| 210 | @a北京@c社会科学文献出版社@d2017.06 | |
| 215 | @a180页@c图@d24cm | |
| 320 | @a有书目 | |
| 510 | 1 | @aPathways to earthquake resilience in China@zeng |
| 606 | 0 | @a社区@x防震减灾@x研究 |
| 690 | @aP315.9@v5 | |
| 701 | 0 | @a崔珂@9cui ke@4主编 |
| 701 | 0 | @a沈文伟@9shen wen wei@4主编 |
| 801 | 0 | @aCN@b91MARC@c20170802 |
| 905 | @aMuseLib@dP315.9@e130 | |
| 社区防震减灾路径探究=Pathways to earthquake resilience in China/沈文伟,崔珂主编.-北京:社会科学文献出版社,2017.06 |
| 180页:图;24cm |
| ISBN 978-7-5201-0492-0:CNY69.00 |
| ● |
| 相关链接 |
|
|
|
|
正题名:社区防震减灾路径探究
索取号:P315.9/130
 
预约/预借
| 序号 | 登录号 | 条形码 | 馆藏地/架位号 | 状态 | 备注 |
| 1 | 1121284 | 211212846 | 第二样本阅览室/ [索取号:P315.9/130] | 在馆 | |
| 2 | 1121285 | 211212855 | 第三借阅区/ [索取号:P315.9/130] | 在馆 | |
| 3 | 1121286 | 211212864 | 第三借阅区/ [索取号:P315.9/130] | 在馆 | |
| 4 | 1121287 | 211212873 | 第三借阅区/ [索取号:P315.9/130] | 在馆 | |
| 5 | 1121288 | 211212882 | 密集书库-资源管理系/ [索取号:P315.9/130] | 在馆 |